00771cam a2200229 a 45000010008000000030005000080050017000130080041000300100017000710200018000880400018001060500023001240820026001471000027001732450105002002500012003052600056003173000040003735000064004136500022004777000042004992944096PILC20150112093426.0900514s1991 enka b 001 0 eng  a 90039247  a9780077072308 aDLCcDLCdDLC00aHM 263b.H425 199100aApSF 659.2bH335 19911 aHaywood, Roger,d1939-10aAll about public relations :bhow to build business success on good communications /cRoger Haywood. a2nd ed. aLondon [England] ;aNew York :bMcGraw-Hill,c1991. a349 pages :billustration ;c23 cm. aIncludes bibliographical references (p. 334-335) and index. 0aPublic relations.1 aHaywood, Roger,d1939-tAll about PR.